Fourth five year plan; (Record no. 79658)

MARC details
000 -LEADER
fixed length control field 00654cam a22002171 4500
001 - CONTROL NUMBER
control field sa 68003661
003 - CONTROL NUMBER IDENTIFIER
control field DLC
005 - DATE AND TIME OF LATEST TRANSACTION
control field 20260227112455.0
008 - FIXED-LENGTH DATA ELEMENTS--GENERAL INFORMATION
fixed length control field 710903s1967 ii 00000 eng
010 ## - LIBRARY OF CONGRESS CONTROL NUMBER
LC control number sa 68003661 //r87
025 ## - OVERSEAS ACQUISITION NUMBER
Overseas acquisition number PL480:I-E-8818
043 ## - GEOGRAPHIC AREA CODE
Geographic area code a-ii---
050 0# - LIBRARY OF CONGRESS CALL NUMBER
Classification number HD9705.I42
Item number A53
082 ## - DEWEY DECIMAL CLASSIFICATION NUMBER
Classification number 338.954
110 10 - MAIN ENTRY--CORPORATE NAME
Corporate name or jurisdiction name as entry element India (Republic).
Subordinate unit Planning Group for Machinery Industries.
245 00 - TITLE STATEMENT
Title Fourth five year plan;
Remainder of title report, April 1965.
260 0# - PUBLICATION, DISTRIBUTION, ETC.
Place of publication, distribution, etc. New Delhi,
Name of publisher, distributor, etc. Dept. of Industry, Ministry of Industry and Supply
Date of publication, distribution, etc. [1967]
300 ## - PHYSICAL DESCRIPTION
Extent iii, 152 p.
Dimensions 24 cm.
500 ## - GENERAL NOTE
General note Cover title.
650 #0 - SUBJECT ADDED ENTRY--TOPICAL TERM
Topical term or geographic name entry element Machinery industry
Geographic subdivision India.

No items available.

Powered by Koha